Ekonomické dopady zavedenia prvkov znižujúcich emisie CO2 v podniku

Salvato in:
Dettagli Bibliografici
Autore principale: Jenčová, Juliána, 1996-
Natura: Capitolo di libro
Lingua:slovacco
Soggetti:
Tags: Aggiungi Tag
Nessun Tag, puoi essere il primo ad aggiungerne!!

MARC

LEADER 00000naa$a2200000$$$4500
001 0271033
005 20240502074245.2
041 0 |a slo 
044 |a SK 
245 1 0 |a Ekonomické dopady zavedenia prvkov znižujúcich emisie CO2 v podniku  |c Juliána Jenčová 
610 2 0 |a emisie 
610 2 0 |a neutralita 
610 2 0 |a ochrana ovzdušia 
610 2 0 |a podnik 
100 1 |a Jenčová, Juliána, 1996-